[Event "Floripa Chess Open 2024"]
[Site "Florianopolis"]
[Date "2024.01.22"]
[Round "3.70"]
[White "Seccafim, Caic Dos Santos"]
[Black "Gomes, Marco Tulio Caldeir"]
[Result "1-0"]
[WhiteElo "1986"]
[BlackElo "1637"]
[PlyCount "33"]
[EventDate "2024.01.20"]
[EventRounds "10"]
[EventCountry "BRA"]

1. Nf3 Nf6 2. b3 b6 3. Bb2 Bb7 4. e3 e6 5. d4 Be7 6. Bd3 c5 7. O-O O-O 8. Nbd2
d5 9. Ne5 Nbd7 10. Ndf3 ({RR} 10. Qe2 Rc8 11. Rad1 Qc7 12. f4 g6 13. Ndf3 cxd4
14. exd4 Ne4 15. Nxd7 Qxd7 16. Ne5 Qc7 17. Bxe4 dxe4 18. c4 Rfd8 19. a4 a6 20.
Qe1 b5 21. Bc3 Qd6 22. axb5 axb5 23. c5 Qd5 24. Ng4 f5 {Korobov,A (2688)-So,W 
(2770) chess.com INT 2020 0-1 (54)}) 10... Ne4 ({RR} 10... Rc8 11. Qe2 Ne4 12.
Nxd7 Qxd7 13. Ne5 Qc7 14. c4 Rfd8 15. Rac1 Bd6 16. Rfd1 dxc4 17. Rxc4 f6 18.
Rcc1 Qe7 19. Nc4 Bb8 20. Bxe4 Bxe4 21. dxc5 Rxd1+ 22. Rxd1 Rxc5 23. Ba3 Qc7 24.
Qh5 g6 25. Qh6 {Balaji,A (2334)-Durak,C (2343) London ENG 2023 1-0 (33)}) 11.
c4 $146 ({RR} 11. Nxd7 Qxd7 12. Ne5 Qc7 13. Qe2 Rac8 14. c4 f6 15. Nf3 Bd6 16.
h3 Qe7 17. Rac1 Rfd8 18. Rfd1 Bb8 19. Nh2 Qc7 20. Nf1 Qc6 21. f3 Ng5 22. h4 Nf7
23. e4 Qe8 24. cxd5 exd5 25. exd5 Qxe2 {Kadlicsko,J (2109)-Ladanyi,Z (2103)
Hungary 2012 0-1 (76)}) ({RR} 11. Nxd7 Qxd7 12. Ne5 Qc7 13. f3 Nd6 14. c4 f6
15. Ng4 cxd4 16. cxd5 Bxd5 17. Rc1 Qd7 18. e4 Bb7 19. Bxd4 e5 20. Bb2 Kh8 21.
Qe2 Rac8 22. Rcd1 Bc6 23. Ne3 Qc7 24. Rc1 Nf7 25. Kh1 Bc5 {Len,I (2105)-Porat,
M (2022) Ramat Aviv 2004 1-0 (63)}) 11... f6 12. Nxd7 Qxd7 13. cxd5 exd5 14.
dxc5 Nxc5 15. Bc2 Rfd8 16. Nd4 g6 17. Qf3 1-0

[Event "Floripa Chess Open 2024"]
[Site "Florianopolis"]
[Date "2024.01.22"]
[Round "3.71"]
[White "Dos Santos, Guilherme Fortes"]
[Black "Cunha E Silva, Carlos Alberto V."]
[Result "1-0"]
[WhiteElo "1707"]
[BlackElo "1984"]
[PlyCount "27"]
[EventDate "2024.01.20"]
[EventRounds "10"]
[EventCountry "BRA"]

1. d4 Nf6 2. c4 e6 3. Nc3 Bb4 4. Nf3 O-O 5. Qc2 d5 6. Bg5 b6 7. cxd5 exd5 8. e3
h6 ({RR} 8... Bb7 9. Bd3 h6 10. Bh4 Nbd7 11. O-O Be7 12. Bg3 a6 13. Rad1 c5 14.
dxc5 Nxc5 15. Bf5 Qe8 16. Be5 g6 17. Bh3 Nce4 18. Bd4 Bc5 19. g3 Nxc3 20. Qxc3
Ne4 21. Qb3 Qb5 22. Qc2 Rad8 23. Ne5 {Indjic,A (2606)-Karacsonyi,G (2376)
chess.com INT 2023 1-0 (40)}) ({RR} 8... Bb7 9. Ne5 Be7 10. Bd3 h6 11. Bh4 c5
12. O-O cxd4 13. exd4 Nc6 14. Nxc6 Bxc6 15. Rfe1 Bd6 16. Nb5 Bxb5 17. Bxb5 g5
18. Bg3 Bxg3 19. hxg3 Ne4 20. Bd3 f5 21. f3 Nxg3 22. Re6 Rf6 23. Rae1 {
Naumovich,Y (2084)-Emelchenkov,I (1801) Orsha BLR 2024 1-0 (33)}) 9. Bf4 $146 (
{RR} 9. Bh4 c5 10. Bd3 Ba6 11. dxc5 Bxd3 12. Qxd3 bxc5 13. O-O Bxc3 14. Qxc3
Nbd7 15. Rfd1 Qb6 16. Ne5 d4 17. Nxd7 dxc3 18. Nxb6 cxb2 19. Nxa8 bxa1=Q 20.
Rxa1 Rxa8 21. Bxf6 gxf6 22. Rc1 Rb8 23. Kf1 Rb5 {Foisor,S (2279)-Hauksson,H  
(1853) Reykjavik 2015 1/2-1/2 (80)}) ({RR} 9. Bh4 Qd6 10. Bd3 Ba6 11. Bxa6 Nxa6
12. Bxf6 Qxf6 13. O-O Bxc3 14. Qxc3 c5 15. Qa3 Nb4 16. Rac1 Qd6 17. dxc5 bxc5
18. Rfd1 Rfd8 19. Qa5 Na6 20. Rc2 Qb6 21. Qc3 Nb4 22. Rcd2 Nxa2 23. Qe5 Nb4 {
Dzunic,V (2049)-Mitrovic,G (1700) Belgrade 2008 1-0 (79)}) 9... Nh5 10. Be5 Nd7
11. Bb5 Nxe5 12. Nxe5 Qg5 13. O-O Bh3 14. f4 1-0

[Event "Floripa Chess Open 2024"]
[Site "Florianopolis"]
[Date "2024.01.22"]
[Round "3.72"]
[White "Dornelles, Marcio Neron Camarg"]
[Black "Montini, Thiago De Lima Mill"]
[Result "1-0"]
[WhiteElo "1983"]
[BlackElo "1800"]
[PlyCount "41"]
[EventDate "2024.01.20"]
[EventRounds "10"]
[EventCountry "BRA"]

1. d4 d5 2. c4 e6 3. Nf3 Nf6 4. Nc3 Be7 5. Bf4 a6 6. e3 O-O 7. c5 b6 8. cxb6
cxb6 9. Bd3 Nc6 10. O-O h6 11. Rc1 Bb7 12. Ne5 Nxe5 13. dxe5 Ne4 $146 ({RR} 
13... Nd7 14. Qg4 Kh8 15. Ne2 Nc5 16. Bb1 a5 17. Nd4 Bg5 18. g3 Bxf4 19. gxf4
Ba6 20. Rfd1 f5 21. Qg6 Qe8 22. Qxe8 Raxe8 23. f3 Kg8 24. b3 Kf7 25. Kf2 g6 26.
Bc2 Rc8 27. a3 Nd7 28. h4 {Nihal,S (2018)-Praggnanandhaa,R (1836) Durban 2014
1-0 (57)}) 14. Bxe4 dxe4 15. Qg4 Kh8 16. Rfd1 Bd5 17. Nxe4 Rc8 18. Nd6 Rxc1 19.
Rxc1 Bxd6 20. exd6 Qf6 21. d7 1-0

[Event "Floripa Chess Open 2024"]
[Site "Florianopolis"]
[Date "2024.01.22"]
[Round "3.73"]
[White "Gomes, Adrian Felipe L"]
[Black "Kim, Thiago"]
[Result "0-1"]
[WhiteElo "1416"]
[BlackElo "1944"]
[PlyCount "70"]
[EventDate "2024.01.20"]
[EventRounds "10"]
[EventCountry "BRA"]

1. c4 Nf6 2. Nc3 c5 3. Nf3 d5 4. cxd5 Nxd5 5. g3 Nc6 6. Bg2 Nc7 7. O-O e5 8.
Qa4 ({RR} 8. e3 Be7 9. Qe2 O-O 10. Rd1 Bg4 11. h3 Bh5 12. g4 Bg6 13. d3 Qd7 14.
e4 Nd4 15. Qf1 Nxf3+ 16. Bxf3 b5 17. Be3 b4 18. Ne2 Ne6 19. Bg2 Bh4 20. f4 exf4
21. Nxf4 Bg5 22. Qf2 Bxf4 {Manu,D (2368)-Martinez Ramirez,L (2456) Roquetas de
Mar ESP 2022 0-1 (60)}) 8... Bd7 9. Qb3 Be7 10. d3 O-O $146 ({RR} 10... b6 11.
Nd5 Be6 12. Nxc7+ Qxc7 13. Qa4 O-O 14. Ng5 Bd7 15. Qe4 Bxg5 16. Bxg5 f6 17.
Qd5+ Kh8 18. Be3 Rad8 19. Rac1 Rfe8 20. a3 Rc8 21. b4 Be6 22. Qe4 Nd4 23. Bxd4
exd4 24. Qh4 Qd6 25. bxc5 {Vakhidov,S (2312)-Gedgafov,C (2202) chess.com INT
2021 1-0 (43)}) 11. Bd2 Rc8 12. Rac1 b6 13. Rfe1 Nd4 14. Nxd4 exd4 15. Nd5 Nxd5
16. Bxd5 Bh3 17. a4 Qd7 18. Ra1 h5 19. Bf3 Be6 20. Qb5 h4 21. Rec1 hxg3 22.
fxg3 Bd6 23. b3 Rfe8 24. Rf1 Qxb5 25. axb5 Re7 26. Rfb1 Rcc7 27. Ra2 Bd7 28. b4
Be6 29. Rc2 c4 30. Bc6 c3 31. Bf4 Bxf4 32. gxf4 Bd7 33. Bxd7 Rcxd7 34. e4 dxe3
35. Rxc3 Rd4 0-1

[Event "Floripa Chess Open 2024"]
[Site "Florianopolis"]
[Date "2024.01.22"]
[Round "3.74"]
[White "Cantarino Neto, Mario Ribeiro"]
[Black "Ribeiro, Erica De Jesus"]
[Result "1-0"]
[WhiteElo "1944"]
[BlackElo "1434"]
[PlyCount "129"]
[EventDate "2024.01.20"]
[EventRounds "10"]
[EventCountry "BRA"]

1. c4 Nf6 2. Nf3 g6 3. Nc3 Bg7 4. e4 d6 5. d4 O-O 6. Be2 e5 7. O-O Nc6 8. d5
Ne7 9. b4 a5 10. Ba3 Nd7 11. bxa5 Rxa5 12. Bb4 Ra8 13. a4 f5 14. Ng5 Nf6 15.
Bf3 h6 16. Ne6 Bxe6 17. dxe6 Qc8 ({RR} 17... Nc6 18. Ba3 f4 19. Nb5 b6 20. Qb3
Kh8 21. Rad1 Qe7 22. Be2 g5 23. Qh3 Rxa4 24. Bxd6 cxd6 25. Nxd6 Nd4 26. Rxd4
exd4 27. e5 Ne8 28. Nf7+ Rxf7 29. exf7 Qxf7 30. Bh5 {0-1 (29) Cantarino Neto,M
(2116)-Machado Ribeiro,A (2143) Serra 2014}) 18. c5 $146 ({RR} 18. Nd5 Nc6 19.
Ba3 Ne8 20. exf5 e4 21. e7 Rxf5 22. Bxe4 Bxa1 23. Bxf5 Qxf5 24. Qxa1 Rxa4 25.
Qc1 Kh7 26. Bb2 Ne5 27. Bxe5 Qxe5 28. g3 Qd4 29. Ne3 Qe4 30. Re1 c6 31. Qd1 Ra8
32. Qd2 Rc8 {Kodentsov,G-Kowalczyk,S Leiden 1999 1/2-1/2 (42)}) 18... Qxe6 19.
cxd6 cxd6 20. Qxd6 Qxd6 21. Bxd6 Rfc8 22. Bxe7 Rxc3 23. exf5 e4 24. Bxf6 Bxf6
25. Bxe4 Rc7 26. Ra2 gxf5 27. Bxf5 Rc5 28. Be4 Ra7 29. Rc2 Rca5 30. Rc8+ Kg7
31. Rc7+ Kg8 32. Bc2 Be5 33. Bb3+ Kf8 34. Rf7+ Ke8 35. Re1 Kd8 36. Rd1+ Ke8 37.
Rh7 b5 38. Rxa7 Rxa7 39. axb5 Ra1 40. Rxa1 Bxa1 41. b6 Kd7 42. b7 Be5 43. Bd5
Bb8 44. g3 Kd6 45. Be4 Ke5 46. f3 Kd4 47. Kg2 Ke5 48. Kh3 Kf6 49. Kg4 Bc7 50.
Kh5 Kg7 51. f4 Bd6 52. h4 Bc7 53. Kg4 Kf6 54. Kf3 Ke6 55. g4 Kf6 56. g5+ hxg5
57. hxg5+ Ke6 58. Kg4 Kf7 59. f5 Be5 60. Kh5 Bf4 61. Kh6 Kg8 62. Kg6 Be5 63. f6
Kf8 64. Bd5 Bd6 65. Kh7 1-0

[Event "Floripa Chess Open 2024"]
[Site "Florianopolis"]
[Date "2024.01.22"]
[Round "3.75"]
[White "Do Prado, Hamilton Mesquita"]
[Black "Dos Santos Dutra, Fernando Junior Fre"]
[Result "0-1"]
[WhiteElo "1673"]
[BlackElo "2262"]
[PlyCount "134"]
[EventDate "2024.01.20"]
[EventRounds "10"]
[EventCountry "BRA"]

1. d4 d5 2. Bf4 c5 3. e3 Nc6 4. c3 Nf6 5. Bd3 Qb6 6. Qc1 cxd4 7. exd4 Bg4 8.
Nd2 Rc8 9. Ngf3 e6 10. h3 Bh5 11. O-O Be7 12. Re1 O-O 13. Qb1 Bg6 $146 ({RR} 
13... a6 14. Ne5 Bg6 15. Nxg6 hxg6 16. Nf3 Qd8 17. Bxg6 fxg6 18. Qxg6 Qe8 19.
Qxe8 Rcxe8 20. Rxe6 Ne4 21. Bh2 Kf7 22. Rxc6 bxc6 23. Ne5+ Kg8 24. Nxc6 Rxf2
25. c4 Rxb2 26. cxd5 Bd6 27. Ne5 Nc3 28. Rc1 {Tarr,S (1737)-Szymanski,M (1822)
England 2014 0-1}) 14. Ne5 Bxd3 15. Nxd3 a5 16. a4 Qa6 17. Ne5 Nxe5 18. Bxe5
Nd7 19. Bg3 Rc6 20. Nf3 f6 21. Qc2 Rfc8 22. Re3 Nb6 23. Nd2 Nd7 24. Rae1 Nf8
25. Nf3 b5 26. axb5 Qxb5 27. Ra1 Bd8 28. Ree1 Rb6 29. Re2 Rc4 30. Ra2 Qc6 31.
Qd3 Qb7 32. Nd2 Rcc6 33. b3 Qc8 34. c4 Qa6 35. Qe3 Rb4 36. Re1 Rc8 37. Qc3 Qc6
38. Rc1 Ng6 39. Rac2 Qd7 40. Qd3 Ne7 41. c5 Nc6 42. Nf3 Bc7 43. Bxc7 Rxc7 44.
Re1 Rcb7 45. Rc3 Rb8 46. Qe3 Re8 47. Qd3 h6 48. Rd1 Reb8 49. Rd2 Qb7 50. Re2
Kf7 51. Re3 e5 52. Qf5 g6 53. Nxe5+ Nxe5 54. Qf4 Kg7 55. Rxe5 fxe5 56. Qxe5+
Kh7 57. c6 Qg7 58. Qxd5 Rxd4 59. Qc5 Rd1+ 60. Kh2 Qc7+ 61. g3 Re8 62. Qb5 Re7
63. Qc5 Ree1 64. Re3 Rxe3 65. Qxe3 Qxc6 66. Qe7+ Kg8 67. g4 Qd6+ 0-1

[Event "Floripa Chess Open 2024"]
[Site "Florianopolis"]
[Date "2024.01.22"]
[Round "3.76"]
[White "Pires, Marcos Vinicius Tor"]
[Black "De Menezes, Ricardo Fagner Dias"]
[Result "1-0"]
[WhiteElo "2253"]
[BlackElo "1675"]
[PlyCount "113"]
[EventDate "2024.01.20"]
[EventRounds "10"]
[EventCountry "BRA"]

1. Nf3 Nf6 2. c4 e6 3. g3 d5 4. Bg2 c6 5. O-O Nbd7 6. Qc2 Be7 7. d4 O-O 8. Nbd2
b6 9. e4 dxe4 10. Nxe4 Nxe4 11. Qxe4 Ba6 12. b3 Rc8 13. Rd1 Qc7 ({RR} 13... b5
14. Qc2 bxc4 15. bxc4 Qa5 16. c5 Rb8 17. Bd2 Qa3 18. Bc1 Qa5 19. Bd2 Qa3 20.
Bc1 {1/2-1/2 (20) Hansen,L (2355)-Piket,J (2450) Baguio City 1987}) ({RR} 13...
c5 14. Bf4 Qe8 15. Rac1 cxd4 16. Qxd4 Nf6 17. Ne5 Ba3 18. Rb1 Bc5 19. Qb2 Be7
20. a4 Kh8 21. h4 Nh5 22. Be3 Bf6 23. Bf3 Bxe5 24. Qxe5 Nf6 25. a5 Rb8 26. h5
Ng8 27. Qc7 Qe7 28. Qxe7 {Kobayashi,A (2080)-Higashishiba,T (1978) Tokyo JPN
2019 1-0 (33)}) 14. Bf4 Bd6 15. Bxd6 Qxd6 16. c5 $146 ({RR} 16. Ne5 Bb7 17. c5
Qe7 18. b4 Nxe5 19. Qxe5 Ba6 20. Rdc1 Rfd8 21. a4 Qd7 22. b5 Bb7 23. cxb6 axb6
24. Qe4 Qxd4 25. Qxd4 Rxd4 26. bxc6 Ba6 27. Rcb1 Rcd8 28. h4 Bc4 29. Rxb6 Bd5
30. c7 Rf8 {Beil,Z (2390)-Caposciutti,M (2270) Reggio Emilia 1988 1-0 (31)})
16... Qc7 17. Rac1 Nf6 18. Qc2 bxc5 19. Qxc5 Nd7 20. Qc2 Qa5 21. Qc3 Qxc3 22.
Rxc3 c5 23. dxc5 Rxc5 24. Rxc5 Nxc5 25. Ne5 Be2 26. Rd2 Bb5 27. b4 Na4 28. Nc6
Bxc6 29. Bxc6 Nb6 30. Rd6 Rc8 31. b5 Kf8 32. f4 Ke7 33. Rd3 Rc7 34. Ra3 Kd6 35.
Kf2 Kc5 36. Kf3 Kb4 37. Rb3+ Kc4 38. Ke4 Na4 39. Ke5 Kc5 40. g4 Nb6 41. Rc3+
Nc4+ 42. Ke4 Kb4 43. Kd4 Nd6 44. Rb3+ Ka5 45. g5 Kb6 46. a4 Nf5+ 47. Ke5 h6 48.
Rd3 Ne7 49. a5+ Kc5 50. gxh6 gxh6 51. Rc3+ Kb4 52. Rc1 Nf5 53. b6 axb6 54. axb6
Rc8 55. b7 Rb8 56. Be4 Ne7 57. Kd6 1-0

[Event "Floripa Chess Open 2024"]
[Site "Florianopolis"]
[Date "2024.01.22"]
[Round "3.77"]
[White "Ferreira, Vitor Hugo Vieira"]
[Black "Calcada, Henrique Galvan"]
[Result "1-0"]
[WhiteElo "2128"]
[BlackElo "1672"]
[PlyCount "89"]
[EventDate "2024.01.20"]
[EventRounds "10"]
[EventCountry "BRA"]

1. d4 d5 2. c4 e6 3. Nf3 c5 4. cxd5 exd5 5. g3 Nc6 6. Bg2 Nf6 7. O-O Be7 8.
dxc5 Bxc5 9. Nc3 ({RR} 9. Ne1 h6 10. Nd3 Bb6 11. Nc3 d4 12. Na4 O-O 13. b4 Re8
14. b5 Na5 15. Nxb6 axb6 16. Bd2 Nc4 17. Bb4 Na3 18. Nc1 Nxb5 19. Qd3 Na7 20.
Nb3 Nc6 21. a3 Re5 22. Rad1 Bf5 23. Qd2 Ne4 {Bischoff,K (2445)-Lobron,E (2515)
Dortmund 1983 0-1 (40)}) 9... h6 10. Nd2 $146 ({RR} 10. Bf4 O-O 11. Rc1 Bb6 12.
a3 Re8 13. Na4 Bg4 14. Qd3 Bxf3 15. exf3 Bc7 16. Bxc7 Qxc7 17. f4 Rad8 18. b4
a6 19. Rfd1 Qd6 20. Nc5 Re7 21. Nxb7 Rxb7 22. Qxa6 Ra7 23. Qxc6 Qxc6 24. Rxc6
Rxa3 {Djuric,S (2485)-Abravanel,C (2345) France 1993 1-0 (44)}) ({RR} 10. Bf4
Be6 11. Nb5 Rc8 12. Rc1 Be7 13. Nbd4 O-O 14. Qd3 Qd7 15. Rfd1 Rfd8 16. a3 a6
17. Nxc6 bxc6 18. Qxa6 c5 19. Ne5 Qe8 20. Qd3 c4 21. Qc3 Bc5 22. e3 Rb8 23. b4
Bd6 24. Nf3 Ne4 {Sinitsina,A (2228)-Rusan,P (2114) chess.com INT 2022 1-0 (64)}
) ({RR} 10. Na4 Be7 11. Be3 O-O 12. Nd4 Ne5 13. Rc1 Nc4 14. Bf4 Bd7 15. Nc3
Nxb2 16. Qb3 Nc4 17. Nxd5 Nxd5 18. Bxd5 Na5 19. Qf3 Bf6 20. Rfd1 Bxd4 21. Rxd4
Qf6 22. Be3 Qxf3 23. Bxf3 Bc6 24. Bxc6 Nxc6 {Dausch,R (2348)-Meinhardt,M (2100)
Mannheim 2001 1/2-1/2 (42)}) 10... O-O 11. Nb3 Bb6 12. Nxd5 Nxd5 13. Qxd5 Qf6
14. Qf3 Qg6 15. Bf4 Bg4 16. Qd3 Qxd3 17. exd3 Be2 18. Rfe1 Bxd3 19. Rad1 Bf5
20. Be3 Rfe8 21. Rd5 Be6 22. Rb5 Bc4 23. Rf5 Rad8 24. Rf4 Bxb3 25. axb3 Rd3 26.
Bd2 Rxe1+ 27. Bxe1 Rd1 28. Re4 Ba5 29. Re8+ Kh7 30. Kf1 Nd4 31. Bd5 f5 32. f3
h5 33. Kf2 Bb6 34. Kg2 Nc2 35. Bg8+ Kh6 36. Bc3 Rg1+ 37. Kh3 Nd4 38. f4 h4 39.
Bf7 Kh7 40. Kxh4 Rg2 41. Kg5 Nf3+ 42. Kxf5 Nd4+ 43. Bxd4 Bxd4 44. Bg6+ Kh6 45.
Rh8# 1-0

[Event "Floripa Chess Open 2024"]
[Site "Florianopolis"]
[Date "2024.01.22"]
[Round "3.78"]
[White "Fernandez, Maria Florencia"]
[Black "Hessmann, Eduardo Franzoni"]
[Result "1-0"]
[WhiteElo "2074"]
[BlackElo "1665"]
[PlyCount "77"]
[EventDate "2024.01.20"]
[EventRounds "10"]
[EventCountry "BRA"]

1. d4 Nf6 2. c4 g6 3. f3 Bg7 4. e4 d6 5. Nc3 O-O 6. Be3 e5 7. d5 c6 8. Qd2 cxd5
9. cxd5 a6 10. g4 h5 ({RR} 10... b5 11. O-O-O Nbd7 12. Bd3 Qc7 13. Kb1 Nc5 14.
h4 h5 15. gxh5 Nxh5 16. Nce2 Bd7 17. Rc1 a5 18. Nh3 Rfc8 19. Nf2 Qb7 20. Rhg1
b4 21. Bc4 Rc7 22. Nd3 Na4 23. Bb3 Rac8 24. Rxc7 Rxc7 25. Rc1 {Eagleton,G 
(1981)-Byron,A (2175) Caleta 2016 1-0 (38)}) 11. g5 Ne8 $146 ({RR} 11... Nfd7
12. Nge2 b5 13. Ng3 Nb6 14. Rg1 N8d7 15. Be2 Nc5 16. h4 Bd7 17. Kf2 Rc8 18.
Rac1 Nc4 19. Bxc4 bxc4 20. Kg2 Qa5 21. Nh1 Rb8 22. Nf2 Na4 23. Nxa4 Qxa4 24.
Ra1 Rb7 25. b3 cxb3 26. axb3 {Machalova,M-Helbich,J (2203) Nove Zamky 1999 1/
2-1/2 (46)}) ({RR} 11... Nh7 12. a4 Nd7 13. a5 f6 14. h4 fxg5 15. hxg5 b6 16.
Na4 bxa5 17. Rc1 Rb8 18. Rc6 Rb4 19. Rxd6 Rxa4 20. Rxg6 Ra1+ 21. Kf2 Rf7 22.
Rd6 Bf8 23. Rc6 Rg7 24. Rxh5 Qe8 25. Rch6 Bb4 26. Qc2 {Biolek,R (2419)-Rasik,V
(2450) Czechia 2014 1/2-1/2 (33)}) ({RR} 11... Nh7 12. h4 Nd7 13. O-O-O b5 14.
Kb1 Nb6 15. Rc1 Bd7 16. b3 f6 17. Bh3 fxg5 18. Bxb6 Qxb6 19. Bxd7 gxh4 20. Nd1
Qd8 21. Be6+ Kh8 22. Qf2 Bf6 23. Nh3 a5 24. a3 Ng5 25. Nxg5 Bxg5 26. Rc6 {
Gonzalez Merino,F (2173)-Perez Mauricio,X (2066) Formigal 2002 1-0 (40)}) ({RR
} 11... Nh7 12. h4 f5 13. O-O-O f4 14. Bf2 b5 15. Kb1 Nd7 16. Bh3 Nb6 17. Bxc8
Rxc8 18. b3 b4 19. Bxb6 Qxb6 20. Na4 Qb7 21. Ne2 Rf7 22. Rc1 Rfc7 23. Rxc7 Rxc7
24. Nc1 Bf8 25. Nd3 a5 26. Nab2 {Taurisano,V (1863)-Avolio,G (1808) Napoli
2011 1/2-1/2 (46)}) 12. O-O-O b5 13. Kb1 Nd7 14. Rc1 Nc5 15. Nd1 Bd7 16. Nf2
Rc8 17. Nd3 Nxd3 18. Bxd3 Rxc1+ 19. Qxc1 f6 20. Ne2 fxg5 21. Bxg5 Nf6 22. Qd2
Qb8 23. Rg1 Nh7 24. Bh6 Be8 25. Ng3 Qa7 26. Be3 Qd7 27. Be2 h4 28. Nh1 Nf6 29.
Nf2 Nh5 30. Nd3 Qh3 31. Bd1 Rxf3 32. Bxf3 Qxf3 33. Nf2 Nf6 34. Qd3 b4 35. Bb6
Qxd3+ 36. Nxd3 b3 37. Nf2 bxa2+ 38. Kxa2 Kf7 39. Be3 1-0

[Event "Floripa Chess Open 2024"]
[Site "Florianopolis"]
[Date "2024.01.22"]
[Round "3.79"]
[White "Gruettner, Ralf"]
[Black "Setti, Dalmarino"]
[Result "1/2-1/2"]
[WhiteElo "2071"]
[BlackElo "1664"]
[PlyCount "110"]
[EventDate "2024.01.20"]
[EventRounds "10"]
[EventCountry "BRA"]

1. e4 e5 2. Nf3 Nf6 3. Nxe5 d6 4. Nf3 Nxe4 5. Nc3 Nxc3 6. dxc3 Be7 7. Bd3 Nc6
8. Be3 O-O ({RR} 8... Be6 9. Qe2 Qd7 10. O-O-O O-O 11. h4 Bf5 12. Nd4 Nxd4 13.
Bxd4 Rfe8 14. Qf3 Bxd3 15. Rxd3 b5 16. g4 a5 17. g5 Rac8 18. Kb1 Bf8 19. h5 c5
20. Be3 Qe6 21. Rh4 b4 22. c4 a4 23. Rd5 {Alekseenko,K (2637)-Duda,J (2738)
chess.com INT 2019 0-1 (43)}) ({RR} 8... Be6 9. Qe2 Qd7 10. O-O-O O-O 11. h4
Bf5 12. Kb1 Rae8 13. Bxf5 Qxf5 14. Nd4 Nxd4 15. cxd4 Qd5 16. g3 b5 17. Qd3 a6
18. Rc1 Qf3 19. Rhd1 c6 20. c4 Bf6 21. Bf4 Qxd3+ 22. Rxd3 Re6 23. cxb5 {
Pridorozhni,A (2564)-Timofeev,A (2586) Khanty-Mansiysk RUS 2021 1-0 (84)}) 9.
Qd2 Ne5 $146 ({RR} 9... a6 10. O-O-O Be6 11. Kb1 Qd7 12. Rdg1 Rfb8 13. g4 b5
14. g5 a5 15. h4 b4 16. h5 bxc3 17. Qxc3 Nb4 18. h6 Bxa2+ 19. Ka1 Bf6 20. Bxh7+
{1-0 (20) Pernas,A (1958)-Benitez Galeano,A (1674) Aracaju 2014}) ({RR} 9...
Be6 10. Nd4 Nxd4 11. cxd4 c6 12. O-O d5 13. c3 f5 14. Rae1 Bd6 15. Bf4 Qd7 16.
Bxd6 Qxd6 17. f4 Rae8 18. Re5 g6 19. Rfe1 Re7 20. R1e3 Rfe8 21. Qe1 Kf8 22. Qh4
Bd7 23. Qh6+ Kg8 24. Qg5 {Argyropoulos,T (1565)-Kouroglou,K (1473) Porto Rio
2016 1/2-1/2}) 10. Nxe5 dxe5 11. O-O-O c5 12. Qe2 Qc7 13. Bc4 a6 14. h4 b5 15.
Bd5 Bb7 16. Bg5 Bxd5 17. Rxd5 f6 18. Be3 Rfd8 19. Rhd1 Rxd5 20. Rxd5 Qc6 21.
Qd1 Kf7 22. g3 Ke6 23. Rd2 Qe4 24. Qe2 Rd8 25. Rxd8 Bxd8 26. f3 Qd5 27. b3 Be7
28. Kb2 f5 29. h5 g6 30. hxg6 hxg6 31. g4 e4 32. gxf5+ gxf5 33. fxe4 Qxe4 34.
Qf2 Kd5 35. Bf4 Ke6 36. Qg3 b4 37. cxb4 Bf6+ 38. Kb1 Qd4 39. Qe3+ Qxe3 40. Bxe3
cxb4 41. Bc5 Bc3 42. Kc1 Kd5 43. Bf8 Ke4 44. Kd1 Kf3 45. a3 bxa3 46. Bxa3 f4
47. Bd6 Bd4 48. c4 Be3 49. b4 Kg2 50. Bxf4 Bxf4 51. Kc2 Kf3 52. Kb3 Ke4 53. Ka4
Kd4 54. Ka5 Bd2 55. Kxa6 Bxb4 1/2-1/2

[Event "Floripa Chess Open 2024"]
[Site "Florianopolis"]
[Date "2024.01.22"]
[Round "3.80"]
[White "Da Silva, Esequiel Luis Melo"]
[Black "Dauer, Andre Leonardo"]
[Result "0-1"]
[WhiteElo "1647"]
[BlackElo "2032"]
[PlyCount "118"]
[EventDate "2024.01.20"]
[EventRounds "10"]
[EventCountry "BRA"]

1. d4 e6 2. Nf3 d5 3. c3 c5 4. dxc5 ({RR} 4. Nbd2 Nc6 5. g3 Nf6 6. Bg2 cxd4 7.
cxd4 Qb6 8. e3 Qa6 9. Bf1 Qb6 10. a3 a5 11. b3 Bd7 12. Bb2 a4 13. b4 Na7 14.
Ne5 Bb5 15. Nd3 Nc8 16. Be2 Be7 17. Rc1 Nd6 18. Nc5 O-O {Onat,I (2360)-Suba,M 
(2500) Plovdiv 1982 0-1 (71)}) ({RR} 4. Nbd2 Nf6 5. g3 Nc6 6. Bg2 cxd4 7. cxd4
Be7 8. O-O O-O 9. Re1 Bd7 10. a3 a5 11. b3 Qb6 12. Bb2 Rfc8 13. e3 Na7 14. Ne5
Be8 15. a4 Nc6 16. Nxc6 Bxc6 17. Re2 Rc7 18. Nf3 Rac8 {Madison,S (1736)
-Carnstam,T (1977) Helsingor 2017 0-1 (48)}) 4... Bxc5 5. Nbd2 Qb6 $146 ({RR} 
5... Nf6 6. Nb3 Bd6 7. Bg5 O-O 8. e3 Nbd7 9. Bd3 b6 10. O-O Bb7 11. Re1 Qc7 12.
Bxf6 Nxf6 13. Nbd4 a6 14. h3 e5 15. Nf5 e4 16. Nxd6 Qxd6 17. Nd4 exd3 18. Qxd3
Rfe8 19. Qf5 Qe5 20. Rad1 {Calder,D-Klink,T Werther 2000 0-1 (37)}) 6. e3 Nf6
7. Be2 O-O 8. O-O Nc6 9. Nb3 Be7 10. c4 Rd8 11. Bd2 e5 12. cxd5 Nxd5 13. Qb1
Be6 14. Bc4 a5 15. e4 Nf4 16. Be3 Qb4 17. Bxe6 Nxe6 18. Bd2 Qb5 19. Bc3 a4 20.
Nc1 Rd7 21. Qc2 Rc8 22. Qe2 Qc5 23. Nd3 Qb5 24. Nc1 Qc5 25. Nd3 Qb5 26. Nc1
Qxe2 27. Nxe2 f6 28. Rad1 Rcd8 29. Rxd7 Rxd7 30. Re1 Kf7 31. Ng3 g6 32. Nf1 Nc5
33. g3 Rd3 34. Kg2 a3 35. Re2 Na4 36. Ne3 Nxc3 37. bxc3 Rxc3 38. Nd5 Rd3 39.
Ne1 Nd4 40. Re3 Rxe3 41. fxe3 Nb5 42. Nxe7 Kxe7 43. Nc2 Kd6 44. Kf3 Kc5 45. Ke2
Kc4 46. Kd2 h6 47. g4 h5 48. gxh5 gxh5 49. h4 b6 50. Ne1 Nc3 51. Nc2 Nxe4+ 52.
Kc1 Kd3 53. Nxa3 Nc3 54. Nc2 Nxa2+ 55. Kb2 Nc3 56. Nb4+ Kc4 57. Nc2 Nd5 58. e4
Nf4 59. Ne3+ Kd4 0-1

[Event "Floripa Chess Open 2024"]
[Site "Florianopolis"]
[Date "2024.01.22"]
[Round "3.81"]
[White "Guerrero, Alvaro"]
[Black "De Souza, Samuel B Ornelas"]
[Result "1-0"]
[WhiteElo "1999"]
[BlackElo "1639"]
[PlyCount "75"]
[EventDate "2024.01.20"]
[EventRounds "10"]
[EventCountry "BRA"]

1. e4 c5 2. d3 Nc6 3. Nf3 g6 4. g3 Bg7 5. Bg2 d6 6. c3 Nf6 7. O-O O-O 8. Re1 e5
9. a3 Re8 ({RR} 9... a5 10. a4 h6 11. Na3 Re8 12. Nd2 Be6 13. Nb5 Na7 14. Nc4
Nxb5 15. axb5 b6 16. f4 Bg4 17. Qc2 Bc8 18. Rf1 Qc7 19. fxe5 dxe5 20. Bxh6 Be6
21. Bg5 Nh7 22. Be3 Rad8 23. b3 Rd7 24. Rad1 {Amin,B (2560)-Dominguez Perez,L 
(2719) Almaty 2008 0-1 (36)}) 10. b4 b5 $146 ({RR} 10... b6 11. Nbd2 a5 12. b5
Na7 13. a4 Bb7 14. c4 Qc7 15. Nb1 Rad8 16. Nc3 Nc8 17. Bh3 Ne7 18. Nh4 h6 19.
Be3 Bc8 20. Bg2 Rf8 21. h3 Ne8 22. Qd2 Kh7 23. Rac1 Qb8 24. Rf1 Nc7 25. f4 {
Doeres,H (2262)-Schaffer,H (2142) Bad Zwesten 2001 1/2-1/2 (49)}) ({RR} 10...
a6 11. Nbd2 h6 12. Rb1 Be6 13. bxc5 dxc5 14. Rxb7 Qxd3 15. Rb6 Qd7 16. Bf1 Qc7
17. Rxa6 Rxa6 18. Bxa6 Qa5 19. Bf1 Qxc3 20. Re3 Qa5 21. Nc4 Qc7 22. Bb2 Nd7 23.
a4 Rb8 24. Nfd2 Nb6 25. Rb3 {Amin,B (2686)-Shyam,N (2429) Hoogeveen NED 2018
1-0 (32)}) ({RR} 10... b6 11. Nbd2 Bb7 12. Bb2 Qd7 13. Qb3 Rad8 14. Rad1 Qe6
15. Qc2 Qc8 16. Qb1 Qa8 17. h3 h6 18. Qa1 Rd7 19. Kh2 Kh7 20. d4 exd4 21. cxd4
cxd4 22. Nxd4 Nxd4 23. Bxd4 Nh5 24. Nc4 d5 25. Bxg7 {Pribyl,J (2420)-Kovacs,L
Trnava 1979 1-0 (34)}) ({RR} 10... a6 11. Nbd2 Bg4 12. h3 Bxf3 13. Nxf3 cxb4
14. axb4 d5 15. Qb3 dxe4 16. dxe4 b5 17. Bb2 Qb6 18. Nd2 Red8 19. Nf1 Rd3 20.
Qa2 Bh6 21. Bc1 Bxc1 22. Rexc1 Qd8 23. Ne3 a5 24. Nd5 Rc8 25. Qe2 {Lezcano
Jaen,P (2295)-Abreu Suarez,I Las Palmas 1993 1-0}) 11. Nbd2 a5 12. bxa5 Rxa5
13. Bb2 Be6 14. Qc2 d5 15. Nb3 Ra7 16. Nxc5 Rc7 17. Nxe6 Rxe6 18. Rad1 d4 19.
Qb1 Bf8 20. cxd4 exd4 21. Bh3 Re8 22. Qa1 Ra7 23. Rc1 Qa8 24. Nxd4 Nxd4 25.
Bxd4 Rxa3 26. Qb2 Nh5 27. Qxb5 Rd8 28. Bb6 Rb8 29. Rc7 Qa4 30. Qxa4 Rxa4 31.
Be3 Bd6 32. Rc6 Be5 33. Rec1 Kg7 34. R6c4 Ra2 35. d4 Bd6 36. R4c2 Ra4 37. e5
Bf8 38. g4 1-0